A survey of Arab history /
محفوظ في:
المؤلف الرئيسي:
مؤلفون آخرون:
التنسيق: كتاب
اللغة: English
منشور في:
Cairo :
American University in Cairo Press,
1982.
الطبعة: Revision edtion.
الموضوعات:
الوسوم: إضافة وسم
لا توجد وسوم, كن أول من يضع وسما على هذه التسجيلة!
رقم الطلب: DS37.7 .W45 1982
| LEADER | 00906namaa2200277 4500 | ||
|---|---|---|---|
| 001 | 12366 | ||
| 003 | OSt | ||
| 005 | 20241001104638.0 | ||
| 008 | 130303s1982 ua a 000 0 eng d | ||
| 952 | |0 0 |1 0 |2 lcc |4 0 |6 DS00377 W45 01982 |7 1 |9 11699 |a ARCE |b ARCE |d 2021-04-08 |l 0 |o DS37.7 .W45 1982 |p 1007188 |r 2021-04-08 00:00:00 |w 2021-04-08 |y BK | ||
| 999 | |c 10836 |d 10836 | ||
| 010 | |a 88121350 | ||
| 040 | |c ARCE Library | ||
| 043 | |a ma----- | ||
| 050 | 4 | |a DS37.7 .W45 1982 | |
| 100 | 1 | |a Weiss, Bernard G., |e author | |
| 245 | 1 | 2 | |a A survey of Arab history / |c Bernard G. Weiss and Arnold H. Green. |
| 250 | |a Revision edtion. | ||
| 264 | 1 | |a Cairo : |b American University in Cairo Press, |c 1982. | |
| 300 | |a ix, 545 pages : |b illustrations ; |c 23 cm. | ||
| 650 | 0 | |a Arabs |x History. | |
| 650 | 0 | |a Civilization, Arab. | |
| 651 | 0 | |a Arab countries |x History. | |
| 700 | 1 | |a Green, Arnold H. | |
| 901 | |a reviewed | ||
| 942 | |c BK |2 lcc | ||
